| 000 | 00772pam a2200241 a 4500 | ||
|---|---|---|---|
| 001 | 4890212 | ||
| 005 | 20180817041625.0 | ||
| 008 | 931110s1994 mnuab b 001 0 eng | ||
| 010 | _a 93045032 | ||
| 020 | _a0314027785 (soft : recycled, acidfree paper) | ||
| 040 |
_aDLC _cDLC _dDLC |
||
| 041 | _aeng | ||
| 080 | _a573 | ||
| 082 | 0 | 0 |
_a573 _220 |
| 100 | 1 | _a24 | |
| 101 | _aant | ||
| 245 | 1 | 0 |
_aIntroduction to physical anthropology / _cRobert Jurmain, Harry Nelson. |
| 504 | _aIncludes bibliographical references (p. [519]-530) and index. | ||
| 740 | 0 | _aPhysical anthropology. | |
| 906 |
_a7 _bcbc _corignew _d1 _eocip _f19 _gy-gencatlg |
||
| 942 |
_2ddc _cBK |
||
| 999 |
_c47204 _d47204 |
||